| 000 | 00583nam a2200229Ia 4500 | ||
|---|---|---|---|
| 005 | 20250425161633.0 | ||
| 008 | 250425s9999 xx 000 0 und d | ||
| 041 | _aspa | ||
| 082 | _a622.3381 | ||
| 100 | _aMCCRAY, ARTHUR W. | ||
| 245 | 0 | _aTECNOLOGIA DE LA PERFORACION DE POZOS PETROLEROS | |
| 250 | _a1A ED. | ||
| 260 | _aMEXICO | ||
| 260 |
_aMéxico _bCECSA _c1963 |
||
| 300 | _a574 | ||
| 650 | _aEQUIPOS DE PERFORACION | ||
| 650 | _aFLUIDOS DE PERFORACION | ||
| 650 | _aPOZOS PETROLIFEROS-PERFORACION | ||
| 700 | _aCOLE, FRANK W. | ||
| 942 | _c01 | ||
| 010 | _a24751 | ||
| 999 |
_c213046 _d213046 |
||